Normal view
MARC view
- Supervisor Dr. Main Muhammad Waseem Iqbal
Entry Personal Name
001 - CONTROL NUMBER
- control field: 113147
003 - CONTROL NUMBER IDENTIFIER
- control field: NUST
005 - DATE AND TIME OF LATEST TRANSACTION
- control field: 20230619105612.0
008 - FIXED-LENGTH DATA ELEMENTS
- fixed length control field: 230619|| aca||aabn | a|a d
040 ## - CATALOGING SOURCE
- Original cataloging agency: NUST
- Transcribing agency: NUST
100 ## - HEADING--PERSONAL NAME
- Personal name: Supervisor Dr. Main Muhammad Waseem Iqbal
670 ## - SOURCE DATA FOUND
- Source citation: Work cat.: (NUST): Hassan. Ammar 34881, Architecture for Secure On-Chaining of Verification Data for Integrity Preservation in FOG Computing with Serverless Colud Compuitng /
